Riconosci il Calciatore - Quiz n°17 - Statistics

Statistiche generali
  • Questo quiz è stato fatto 55 volte
  • Il punteggio medio è 18 su 20
Statistiche sulle risposte
Indizio Risposta % Corretto
Ruolo Centrocampista
100%
Squadra di club 7 Lazio 2016-
98%
Nazionalità Spagna
98%
Data di nascita 28/09/1992
94%
Squadra di club 5 Malaga 2014-2015
90%
Squadra di club 6 Deportivo La Coruña 2015-2016
88%
Squadra di club 4 Liverpool 2013-2014
87%
Squadra di club 1 Siviglia Atletico 2009-2012
87%
Trofei per nazionali 0
85%
Presenze in nazionale 1
85%
Altezza 181 cm
85%
Peso 75 kg
85%
Gol nei club 95
85%
Squadra di club 3 Barcellona B 2012-2013
85%
Trofei individuali Gran Galà del calcio AIC: 1 Squadra dell'anno: 2020
85%
Squadra di club 2 Siviglia 2010-2012
85%
Trofei per club Supercoppa italiana: 2
Lazio: 2017, 2019
Coppa Italia: 1
Lazio: 2018-2019
85%
Gol in nazionale 0
83%
Presenze nei club 475
83%
Calciatore Luis Alberto
81%
Nessun quiz corrispondente trovato
Distribuzione punteggi
Percentuale di utenti per punteggio
Percentile per numero di risposta
I tuoi punteggi nel tempo
Non hai fatto questo quiz